00614nam a22002177a 4500003000500000005001700005008004100022010001000063011001000073035001000083040000900093082001600102100002100118245003500139260004400174300001100218490003500229650007300264700002400337830003500361CHAP20220329140740.0971013s1969 r 00010 d a57017 a57989 a62144 cCHAP a658.05bS5Y00aSisson, Roger L. aInformación por computadoras aMéxico, D. F. :bLimusa- Wiley,c1969 a190 p. aSerie guías para el director14aProcesamiento automático de datos en administración de empresas.0 aCanning, Richard G.0 aSerie guías para el director